[Event "South Wales New Year Open"]
[Site "Bridgend"]
[Date "2018.01.07"]
[Round "4.11"]
[White "Robinson, David"]
[Black "Haigh, Tony"]
[Result "1-0"]
[WhiteElo "1925"]
[BlackElo "1816"]
[PlyCount "45"]
[EventDate "2018.01.06"]
[EventType "swiss"]
[EventRounds "5"]
[EventCountry "WLS"]
[SourceDate "2018.01.06"]

1. d4 f5 2. Nf3 Nf6 3. Bf4 e6 4. e3 b6 5. Nbd2 Bb7 6. Bd3 d6 7. Qe2 g6 8. e4
Qe7 9. O-O-O Nc6 10. exf5 exf5 11. Rhe1 O-O-O 12. Qf1 Qf7 13. Bc4 d5 14. Bb5
Bd6 15. Bxd6 Rxd6 16. Ne5 Qg7 17. Ndf3 Nd7 18. Nxd7 Rxd7 19. Bxc6 Bxc6 20. Re6
Rd6 21. Re3 Bb7 22. Kb1 Kd8 23. Rde1 1-0

[Event "South Wales New Year Open"]
[Site "Bridgend"]
[Date "2018.01.07"]
[Round "4.12"]
[White "Francis, Matthew"]
[Black "Jaberansari, Daniel"]
[Result "1-0"]
[WhiteElo "1706"]
[BlackElo "1451"]
[PlyCount "47"]
[EventDate "2018.01.06"]
[EventType "swiss"]
[EventRounds "5"]
[EventCountry "WLS"]
[SourceDate "2018.01.06"]

1. e4 e6 2. d4 d5 3. Nc3 Nf6 4. Bg5 dxe4 5. Nxe4 Be7 6. Bxf6 gxf6 7. Nf3 a6 8.
Qd2 b5 9. Bd3 Bb7 10. O-O-O f5 11. Ng3 O-O 12. Be2 Bf6 13. Nh5 Nd7 14. Nxf6+
Nxf6 15. Ne5 Ne4 16. Qe3 b4 17. f3 Nf6 18. Qh6 b3 19. axb3 a5 20. g4 f4 21. Bd3
Ba6 22. g5 Bxd3 23. gxf6 Qxf6 24. Qxf6 1-0

[Event "South Wales New Year Open"]
[Site "Bridgend"]
[Date "2018.01.07"]
[Round "5.1"]
[White "Blackburn, Jonathan L B"]
[Black "Brown, Thomas"]
[Result "1/2-1/2"]
[WhiteElo "2194"]
[BlackElo "2064"]
[PlyCount "93"]
[EventDate "2018.01.06"]
[EventType "swiss"]
[EventRounds "5"]
[EventCountry "WLS"]
[SourceDate "2018.01.06"]

1. d4 Nf6 2. c4 g6 3. Nc3 Bg7 4. e4 d6 5. Nge2 O-O 6. Ng3 e5 7. d5 c6 8. Be2 a5
9. h4 h5 10. Bg5 Qc7 11. Qd2 Kh7 12. Rd1 Ne8 13. Be3 Nd7 14. Na4 cxd5 15. Qxd5
Qc6 16. b3 Qxd5 17. Rxd5 Bh6 18. Bb6 Bf4 19. Bf3 Ra6 20. Rb5 Nxb6 21. Rxb6 Bxg3
22. fxg3 Nc7 23. Kd2 Rxb6 24. Nxb6 Be6 25. Kc3 Na6 26. Rd1 Rd8 27. a3 Kg7 28.
b4 axb4+ 29. axb4 Kf8 30. c5 Nc7 31. Be2 Ke7 32. cxd6+ Rxd6 33. Rxd6 Kxd6 34.
Nc4+ Bxc4 35. Kxc4 Ne6 36. g4 hxg4 37. Bxg4 Nd4 38. Bc8 b5+ 39. Kd3 Nc6 40. Kc3
Ke7 41. g4 f6 42. h5 gxh5 43. gxh5 Kf7 44. Bd7 Nd4 45. Kd3 Kg7 46. Be8 Kh6 47.
Kd2 1/2-1/2

[Event "South Wales New Year Open"]
[Site "Bridgend"]
[Date "2018.01.07"]
[Round "5.2"]
[White "Kett, Tim"]
[Black "Bullen, Alex"]
[Result "1-0"]
[WhiteElo "2223"]
[BlackElo "2098"]
[PlyCount "75"]
[EventDate "2018.01.06"]
[EventType "swiss"]
[EventRounds "5"]
[EventCountry "WLS"]
[SourceDate "2018.01.06"]

1. c4 e6 2. Nf3 d5 3. g3 Nf6 4. Bg2 Be7 5. O-O O-O 6. d4 dxc4 7. Na3 Bxa3 8.
bxa3 Bd7 9. Qc2 Bc6 10. Qxc4 Bd5 11. Qd3 Be4 12. Qe3 Qd5 13. Bb2 Nbd7 14. Qb3
c5 15. dxc5 Nxc5 16. Qe3 Rfd8 17. Qf4 Qf5 18. Qe3 Qd5 19. h3 Na4 20. Bxf6 gxf6
21. Rad1 Qxd1 22. Rxd1 Rxd1+ 23. Kh2 Bxf3 24. Qxf3 Nc5 25. Qxf6 Rc8 26. h4 b6
27. h5 Nd7 28. Qg5+ Kh8 29. Be4 Rg8 30. Qf4 f5 31. Bd3 Rg4 32. Qd6 Nf6 33. Qxe6
Ne4 34. Qe5+ Kg8 35. Bc4+ Kf8 36. Qxf5+ Ke8 37. Qxg4 Rh1+ 38. Kg2 1-0

[Event "South Wales New Year Open"]
[Site "Bridgend"]
[Date "2018.01.07"]
[Round "5.3"]
[White "Pleasants, Allan J"]
[Black "Van Kemenade, Rudy"]
[Result "1-0"]
[WhiteElo "2139"]
[BlackElo "1969"]
[PlyCount "43"]
[EventDate "2018.01.06"]
[EventType "swiss"]
[EventRounds "5"]
[EventCountry "WLS"]
[SourceDate "2018.01.06"]

1. d4 Nf6 2. Bg5 e6 3. Nd2 c5 4. e3 Nc6 5. Ngf3 b6 6. c3 h6 7. Bh4 g5 8. Bg3
Nh5 9. Be5 Nxe5 10. Nxe5 Nf6 11. h4 gxh4 12. Ndf3 Bb7 13. Rxh4 Be7 14. Qc2 Rc8
15. O-O-O d6 16. Bb5+ Kf8 17. Ng6+ fxg6 18. Ng5 Be4 19. Nxe6+ Kf7 20. Nxd8+
Rcxd8 21. Rxe4 Nxe4 22. Qxe4 1-0

[Event "South Wales New Year Open"]
[Site "Bridgend"]
[Date "2018.01.07"]
[Round "5.4"]
[White "Bevan, Peter M"]
[Black "Young, Alan"]
[Result "1/2-1/2"]
[WhiteElo "1951"]
[BlackElo "2023"]
[PlyCount "60"]
[EventDate "2018.01.06"]
[EventType "swiss"]
[EventRounds "5"]
[EventCountry "WLS"]
[SourceDate "2018.01.06"]

1. c4 e5 2. g3 Nf6 3. Bg2 d5 4. cxd5 Nxd5 5. Nf3 Nc6 6. O-O Nb6 7. d3 Be7 8. a3
O-O 9. b4 Be6 10. Bb2 f6 11. Nbd2 a6 12. Rc1 Kh8 13. Qc2 Qd7 14. e3 Rad8 15. d4
exd4 16. Nxd4 Nxd4 17. Bxd4 Nd5 18. Nf3 Bd6 19. e4 Ne7 20. e5 fxe5 21. Nxe5 Qc8
22. Bb2 Nd5 23. Nc4 Be7 24. Rfe1 Bf6 25. Bxf6 Rxf6 26. Ne3 Nxe3 27. Rxe3 c6 28.
Rce1 Rdf8 29. f4 Qd7 30. Qc3 Qf7 1/2-1/2

[Event "South Wales New Year Open"]
[Site "Bridgend"]
[Date "2018.01.07"]
[Round "5.5"]
[White "Ehsandar, Peter"]
[Black "White, Ernest M"]
[Result "1-0"]
[WhiteElo "1987"]
[BlackElo "1824"]
[PlyCount "64"]
[EventDate "2018.01.06"]
[EventType "swiss"]
[EventRounds "5"]
[EventCountry "WLS"]
[SourceDate "2018.01.06"]

1. e4 c5 2. Nf3 d6 3. d4 cxd4 4. Nxd4 Nf6 5. Nc3 a6 6. g3 e6 7. Bg2 Be7 8. O-O
O-O 9. Be3 Nbd7 10. f4 Rb8 11. Qe2 Qc7 12. a4 Rd8 13. g4 e5 14. Nf5 Bf8 15. g5
Ne8 16. Nd5 Qa5 17. b4 Qxd5 18. exd5 g6 19. Nh6+ Bxh6 20. gxh6 f5 21. Qf2 e4
22. Ba7 Ra8 23. Bd4 Kf7 24. Qh4 Ndf6 25. Bxe4 fxe4 26. f5 Bxf5 27. Rxf5 gxf5
28. Rf1 e3 29. Rxf5 e2 30. Rxf6+ Nxf6 31. Qxf6+ Ke8 32. Qe6+ Kf8 1-0

[Event "South Wales New Year Open"]
[Site "Bridgend"]
[Date "2018.01.07"]
[Round "5.6"]
[White "Waterfield, John W"]
[Black "Sivarajasingam, Venetia"]
[Result "0-1"]
[WhiteElo "1925"]
[BlackElo "1731"]
[PlyCount "62"]
[EventDate "2018.01.06"]
[EventType "swiss"]
[EventRounds "5"]
[EventCountry "WLS"]
[SourceDate "2018.01.06"]

1. e4 e6 2. d4 d5 3. Nc3 dxe4 4. Nxe4 Nd7 5. Bd3 Ngf6 6. Qe2 c5 7. Nxf6+ Nxf6
8. dxc5 Bxc5 9. Nf3 O-O 10. O-O Bd7 11. Ne5 Qc7 12. Bf4 Bd6 13. Rfe1 Bc6 14. a3
h6 15. Rad1 Rad8 16. Nxc6 Qxc6 17. Bb5 Qc7 18. Bxd6 Rxd6 19. Rxd6 Qxd6 20. Rd1
Qb6 21. c4 Rc8 22. b4 Rd8 23. Ba4 Rxd1+ 24. Qxd1 Ne4 25. c5 Qc7 26. Qd4 Qf4 27.
Bc2 Qc1+ 28. Qd1 Qf4 29. Qd8+ Kh7 30. Qd4 f5 31. f3 Qc1+ 0-1

[Event "South Wales New Year Open"]
[Site "Bridgend"]
[Date "2018.01.07"]
[Round "5.7"]
[White "Morcom, Huw"]
[Black "Ralphs, Nigel"]
[Result "0-1"]
[WhiteElo "1940"]
[BlackElo "2018"]
[PlyCount "77"]
[EventDate "2018.01.06"]
[EventType "swiss"]
[EventRounds "5"]
[EventCountry "WLS"]
[SourceDate "2018.01.06"]

1. e4 e5 2. d4 exd4 3. Qxd4 Nc6 4. Qe3 Nf6 5. Bd2 Bb4 6. Nc3 O-O 7. O-O-O Re8
8. Qg3 Nxe4 9. Nxe4 Rxe4 10. f3 Bxd2+ 11. Rxd2 Re5 12. Bc4 d6 13. Ne2 Be6 14.
Bxe6 Rxe6 15. Nf4 Re5 16. Rhd1 Qg5 17. Qxg5 Rxg5 18. Nd5 Rc8 19. f4 Rg6 20. Re2
Re6 21. Red2 Ne7 22. Nc3 a6 23. g4 f5 24. h3 Rf8 25. g5 Ng6 26. Rf2 c6 27. Rd3
d5 28. Ne2 Re4 29. Rdf3 Rfe8 30. Nc3 Re3 31. Kd2 Rxf3 32. Rxf3 Kf7 33. Ne2 Re4
34. Re3 Rxe3 35. Kxe3 c5 36. b4 b6 37. a3 Ke6 38. Ng3 d4+ 39. Kd3 0-1

[Event "South Wales New Year Open"]
[Site "Bridgend"]
[Date "2018.01.07"]
[Round "5.8"]
[White "Howells, Chris"]
[Black "Parry, Matthew"]
[Result "1/2-1/2"]
[WhiteElo "1860"]
[BlackElo "1903"]
[PlyCount "96"]
[EventDate "2018.01.06"]
[EventType "swiss"]
[EventRounds "5"]
[EventCountry "WLS"]
[SourceDate "2018.01.06"]

1. d4 Nf6 2. c4 Nc6 3. Nf3 e6 4. a3 d5 5. cxd5 exd5 6. Nc3 Ne4 7. Bf4 Nxc3 8.
bxc3 Bd6 9. Bxd6 Qxd6 10. e3 O-O 11. Be2 Bg4 12. O-O Ne7 13. Ne5 Bxe2 14. Qxe2
f6 15. Nd3 Rfe8 16. Rfc1 Nf5 17. Qf3 Nh4 18. Qf4 Qxf4 19. Nxf4 c6 20. c4 dxc4
21. Rxc4 g5 22. Nd3 Nf5 23. Rb1 Nd6 24. Rc2 Nb5 25. Rb3 Rac8 26. h3 Nd6 27. a4
b5 28. axb5 cxb5 29. Ra2 Rc7 30. Ra6 Rd8 31. Nc5 Kf7 32. f3 Ke7 33. Kf2 Rb8 34.
e4 Rb6 35. Rxb6 axb6 36. Nd3 Rc2+ 37. Kg3 Rd2 38. Nb4 f5 39. exf5 Nxf5+ 40. Kg4
Nxd4 41. Re3+ Kd6 42. g3 h6 43. Rd3 Rxd3 44. Nxd3 Nc6 45. f4 b4 46. fxg5 Ne5+
47. Kf5 Nxd3 48. gxh6 b3 1/2-1/2

[Event "South Wales New Year Open"]
[Site "Bridgend"]
[Date "2018.01.07"]
[Round "5.9"]
[White "Cooke, Suzie G."]
[Black "Francis, Matthew"]
[Result "1-0"]
[WhiteElo "1954"]
[BlackElo "1706"]
[PlyCount "65"]
[EventDate "2018.01.06"]
[EventType "swiss"]
[EventRounds "5"]
[EventCountry "WLS"]
[SourceDate "2018.01.06"]

1. d4 Nf6 2. Bf4 c5 3. c3 Qb6 4. Qc2 d5 5. e3 Nc6 6. Nd2 e6 7. h3 Be7 8. Ngf3
O-O 9. b3 cxd4 10. exd4 Bd7 11. Bd3 Rac8 12. Qb2 a5 13. O-O a4 14. Rac1 Ra8 15.
b4 Rfc8 16. Ne5 a3 17. Qb1 h6 18. Nb3 Nd8 19. Nxd7 Nxd7 20. Nc5 Nxc5 21. bxc5
Qxb1 22. Rxb1 Ra7 23. Rb3 Bf6 24. Bd6 Nc6 25. Bb5 Nd8 26. Rfb1 Nc6 27. Bxc6
bxc6 28. Rb8 Ra8 29. Rxa8 Rxa8 30. Rb6 Ra4 31. Rxc6 Rc4 32. Ra6 Rxc3 33. c6 1-0

[Event "South Wales New Year Open"]
[Site "Bridgend"]
[Date "2018.01.07"]
[Round "5.10"]
[White "Probert, Malcolm"]
[Black "Robinson, David"]
[Result "0-1"]
[WhiteElo "1614"]
[BlackElo "1925"]
[PlyCount "50"]
[EventDate "2018.01.06"]
[EventType "swiss"]
[EventRounds "5"]
[EventCountry "WLS"]
[SourceDate "2018.01.06"]

1. Nf3 d5 2. g3 Nf6 3. Bg2 c6 4. b3 Bf5 5. c4 e6 6. Bb2 Nbd7 7. d3 Bd6 8. O-O
O-O 9. Nbd2 Re8 10. Nh4 h6 11. cxd5 cxd5 12. Nxf5 exf5 13. e3 Qa5 14. a3 Rac8
15. b4 Qa6 16. Nf3 g6 17. Qb3 b5 18. Rac1 Qb7 19. Rc3 Rxc3 20. Bxc3 Bf8 21. Qb2
Bg7 22. Rc1 Rc8 23. Re1 Qc6 24. Bd2 Ne4 25. Qc1 Nxd2 0-1

[Event "South Wales New Year Open"]
[Site "Bridgend"]
[Date "2018.01.07"]
[Round "5.11"]
[White "Lewis, David"]
[Black "Turner, Joseph David"]
[Result "0-1"]
[WhiteElo "1691"]
[BlackElo "1889"]
[Annotator ",jthornton126@btinter"]
[PlyCount "58"]
[EventDate "2018.01.06"]
[EventType "swiss"]
[EventRounds "5"]
[EventCountry "WLS"]
[SourceDate "2018.01.06"]

1. e4 e5 2. Nf3 Nc6 3. Bb5 a6 4. Bxc6 dxc6 5. O-O Bg4 6. d4 exd4 7. Qxd4 Bxf3
8. Qxd8+ Rxd8 9. gxf3 Rd6 10. Be3 h5 11. Nd2 h4 12. Nc4 Rg6+ 13. Kh1 Rh5 14.
Rg1 Rf6 15. f4 Re6 16. f3 f6 17. f5 Re7 18. Na5 Nh6 19. Bc5 Re5 20. Bxf8 Kxf8
21. Nxb7 Nxf5 22. exf5 Rhxf5 23. Rad1 g5 24. Nd8 Rxf3 25. Nxc6 Ree3 26. Rge1
Rxe1+ 27. Rxe1 Rf2 28. Nd4 Rd2 29. Ne6+ Kf7 {Time} 0-1

[Event "South Wales New Year Open"]
[Site "Bridgend"]
[Date "2018.01.07"]
[Round "5.12"]
[White "Jukes, Sam"]
[Black "Stuart, Neil"]
[Result "1-0"]
[WhiteElo "1740"]
[BlackElo "1740"]
[PlyCount "83"]
[EventDate "2018.01.06"]
[EventType "swiss"]
[EventRounds "5"]
[EventCountry "WLS"]
[SourceDate "2018.01.06"]

1. e4 c5 2. d4 cxd4 3. c3 e5 4. cxd4 exd4 5. Qxd4 Nc6 6. Qd1 Nf6 7. Nc3 Bb4 8.
Bd3 d5 9. exd5 Nxd5 10. Nge2 O-O 11. O-O Be6 12. Nxd5 Qxd5 13. Nf4 Qe5 14. a3
Ba5 15. Nxe6 Qxe6 16. b4 Bb6 17. Bb2 Rad8 18. Qf3 Ne5 19. Bxh7+ Kxh7 20. Qh5+
Kg8 21. Qxe5 Qxe5 22. Bxe5 Rfe8 23. Rfe1 Rd3 24. Kf1 f6 25. Bf4 Rc8 26. Be3
Rcc3 27. Bxb6 axb6 28. Re7 Rc2 29. Re2 Rcc3 30. Rea2 Rb3 31. Ke2 Rdc3 32. Rd1
Rxa3 33. Rxa3 Rxa3 34. Rd6 Ra2+ 35. Kf3 Ra3+ 36. Kg4 Ra2 37. Kg3 Ra3+ 38. f3
Re3 39. Rxb6 Re7 40. h4 Kh7 41. Kf4 g6 42. Rxf6 1-0

[Event "South Wales New Year Open"]
[Site "Bridgend"]
[Date "2018.01.07"]
[Round "5.13"]
[White "Denham, Colin"]
[Black "Morgans, Justin"]
[Result "0-1"]
[WhiteElo "1652"]
[BlackElo "1649"]
[PlyCount "146"]
[EventDate "2018.01.06"]
[EventType "swiss"]
[EventRounds "5"]
[EventCountry "WLS"]
[SourceDate "2018.01.06"]

1. Nf3 f5 2. d4 Nf6 3. c4 e6 4. Bg5 Be7 5. Nc3 c6 6. e3 d5 7. c5 O-O 8. Be2
Nbd7 9. O-O Ne4 10. Bxe7 Qxe7 11. Nxe4 fxe4 12. Ne1 e5 13. f4 exf3 14. Rxf3
Rxf3 15. Bxf3 e4 16. Bg4 Qg5 17. Qe2 Nf6 18. Bxc8 Rxc8 19. Nc2 Rf8 20. Rf1 h5
21. Qf2 h4 22. Qf5 Qg4 23. Qxg4 Nxg4 24. Rxf8+ Kxf8 25. h3 Nh6 26. a4 Nf5 27.
Kf2 Ke7 28. a5 g5 29. Nb4 Kd7 30. Nc2 Kc7 31. Nb4 b6 32. cxb6+ axb6 33. axb6+
Kxb6 34. Na2 Kb5 35. Nc3+ Kb4 36. Ke2 Kb3 37. Kd2 Nh6 38. Nd1 g4 39. hxg4 Nxg4
40. Nc3 Kxb2 41. Ne2 Nh6 42. Nf4 Nf5 43. Ng6 Kb3 44. Ne5 Ne7 45. Nf7 Kb4 46.
Nh6 c5 47. dxc5 Kxc5 48. Ng4 Kd6 49. Ke2 Ke6 50. Nh2 Kf5 51. Kf2 Nc6 52. Ke2
Ne5 53. Nf1 Kg4 54. Kf2 Nc6 55. Nd2 Kf5 56. Ke2 d4 57. exd4 Nxd4+ 58. Kf2 Kf4
59. Nf1 Nf5 60. Kg1 e3 61. Nxe3 Nxe3 62. Kf2 Ng4+ 63. Kg1 Kg3 64. Kh1 Ne3 65.
Kg1 Nxg2 66. Kh1 h3 67. Kg1 Nh4 68. Kh1 Nf5 69. Kg1 Kh4 70. Kh2 Ne3 71. Kh1 Kg3
72. Kg1 Ng4 73. Kh1 Nf2+ 0-1

[Event "South Wales New Year Open"]
[Site "Bridgend"]
[Date "2018.01.07"]
[Round "5.14"]
[White "Jaberansari, Daniel"]
[Black "Haigh, Tony"]
[Result "1/2-1/2"]
[WhiteElo "1451"]
[BlackElo "1816"]
[PlyCount "41"]
[EventDate "2018.01.06"]
[EventType "swiss"]
[EventRounds "5"]
[EventCountry "WLS"]
[SourceDate "2018.01.06"]

1. e4 Nf6 2. e5 Nd5 3. d4 d6 4. c4 Nb6 5. exd6 cxd6 6. Nc3 g6 7. Be3 Bg7 8. Nf3
O-O 9. Be2 Nc6 10. O-O Bg4 11. b3 e5 12. dxe5 dxe5 13. Rc1 Re8 14. Nd2 Bxe2 15.
Qxe2 Rc8 16. Nf3 Nd4 17. Qd1 Nf5 18. Qxd8 Rcxd8 19. Bxb6 axb6 20. Nd5 e4 21.
Ne1 1/2-1/2